Strength of Materials (Record no. 6164)

000 -LEADER
fixed length control field 00468nam a22001937a 4500
001 - CONTROL NUMBER
control field 6164
003 - CONTROL NUMBER IDENTIFIER
control field BD-DhUET
008 - FIXED-LENGTH DATA ELEMENTS--GENERAL INFORMATION
fixed length control field 141130b xxu||||| |||| 00| 0 eng d
040 ## - CATALOGING SOURCE
Original cataloging agency DLC
Transcribing agency DLC
Modifying agency BD-DhUET
082 ## - DEWEY DECIMAL CLASSIFICATION NUMBER
Classification number 620.11
Item number KHU/1984
100 ## - MAIN ENTRY--PERSONAL NAME
Personal name Khurmi, R. S.
245 ## - TITLE STATEMENT
Title Strength of Materials
250 ## - EDITION STATEMENT
Edition statement 14th ed.
260 ## - PUBLICATION, DISTRIBUTION, ETC. (IMPRINT)
Place of publication, distribution, etc. New Delhi
Name of publisher, distributor, etc. S. Chand
Date of publication, distribution, etc. 1984
300 ## - PHYSICAL DESCRIPTION
Extent vi, 991 p.
Other physical details ill.
650 #0 - SUBJECT ADDED ENTRY--TOPICAL TERM
Topical term or geographic name as entry element Strength of materials
700 ## - ADDED ENTRY--PERSONAL NAME
Personal name Lal, Jagdish
942 ## - ADDED ENTRY ELEMENTS (KOHA)
Koha item type General Book
Holdings
Lost status Sublocation or collection (holding branch) Shelving location Not for loan Damaged status Source of classification or shelving scheme Price effective from Location (home branch) Koha date last seen Koha full call number Date acquired Piece designation (barcode) Koha normalized classification for sorting Koha item type Withdrawn status Copy number
 Central Library, BUETCirculation section   2014-11-30Central Library, BUET2014-11-30620.11/KHU/19842014-11-3058300620_110000000000000_KHU_1984General Book 1
 Central Library, BUETCirculation section   2014-12-04Central Library, BUET2014-12-04620.11/KHU/19842014-12-0458299620_110000000000000_KHU_1984General Book 2
 Central Library, BUETCirculation section   2014-12-04Central Library, BUET2017-01-25620.11/KHU/19842014-12-0458304620_110000000000000_KHU_1984General Book 3
 Central Library, BUETCirculation section   2014-12-06Central Library, BUET2014-12-06620.11/KHU/19842014-12-0658293620_110000000000000_KHU_1984General Book 4
 Central Library, BUETCirculation section   2014-12-06Central Library, BUET2014-12-06620.11/KHU/19842014-12-0639805620_110000000000000_KHU_1984General Book 5
 Central Library, BUETCirculation section   2015-04-30Central Library, BUET2015-04-30620.11/KHU/19842015-04-3058305620_110000000000000_KHU_1984General Book 6
 Central Library, BUETCirculation section   2015-04-30Central Library, BUET2015-04-30620.11/KHU/19842015-04-3058303620_110000000000000_KHU_1984General Book 7
 Central Library, BUETReading section   2015-06-20Central Library, BUET2015-06-20620.11/KHU/19842015-06-2058306620_110000000000000_KHU_1984Reading Item 8
 Central Library, BUETReading section   2015-06-28Central Library, BUET2015-06-28620.11/KHU/19842015-06-2858297620_110000000000000_KHU_1984Reading Item 11
 Central Library, BUETReading section   2015-06-28Central Library, BUET2015-06-28620.11/KHU/19842015-06-2858298620_110000000000000_KHU_1984Reading Item 10
 Central Library, BUETReading section   2015-06-28Central Library, BUET2015-06-28620.11/KHU/19842015-06-2858301620_110000000000000_KHU_1984Reading Item 11
 Central Library, BUETReading section   2015-06-30Central Library, BUET2015-06-30620.11/KHU/19842015-06-3058296620_110000000000000_KHU_1984Reading Item 12
 Central Library, BUETReading section   2015-06-30Central Library, BUET2015-06-30620.11/KHU/19842015-06-3058295620_110000000000000_KHU_1984Reading Item 13
 Central Library, BUETReading section   2015-07-02Central Library, BUET2015-07-02620.11/KHU/19842015-07-0258302620_110000000000000_KHU_1984Reading Item 14